000 00804cam a22002055a 4500
001 L150119
008 100604e2010 xxk 000 0 eng d
035 _a(Sirsi) u150119
041 0 _aeng
100 1 _aLewis, Mark
245 0 0 _aBribery Bill warning for directors
_blaw rushed through Parliament could see bosses prosecuted for 'failure to prevent bribery'
260 _c2010
490 _aConstruction News
_v7163 15 April 2010, 14(1)
520 _aLawyers warn directors of construction firms to radically re-organise their businesses to ensure they adhere to the new legislation; key facts summary of the Bribery Act
590 _aKA
651 4 _aUnited Kingdom
_y
690 _aBRIBERY
690 _aBUILT ENVIRONMENT-CONSTRUCTION MANAGEMENT-BUILDING CONTRACT ADMINISTRATION
942 _n0
999 _c82405
_d82405